[Event "TCh-CZE Div1 Vychod 2012-13"]
[Site "Czech Republic CZE"]
[Date "2012.11.25"]
[Round "3.6"]
[White "Olsar,J"]
[Black "Miturova,M"]
[Result "1/2-1/2"]
[WhiteTitle "FM"]
[BlackTitle "WFM"]
[WhiteElo "2233"]
[BlackElo "2134"]
[WhiteTeam "Sachovy klub Karvina A"]
[BlackTeam "Beskydska sachova skola o.s. B"]
[WhiteFideId "307327"]
[BlackFideId "330221"]
[EventDate "2012.10.21"]

1. d4 d5 2. Nf3 Nc6 3. g3 Bf5 4. c3 Qd7 5. Bg2 f6 6. O-O Bh3 7. Nbd2 O-O-O 8. b4
Bxg2 9. Kxg2 e5 10. dxe5 Nxe5 11. Qc2 Bd6 12. a3 Ne7 13. Nxe5 Bxe5 14. Nf3 Bd6
15. c4 dxc4 16. Qxc4 h5 17. h4 Nc6 18. Bb2 Qe7 19. Rac1 Ne5 20. Bxe5 Bxe5 21.
Rc2 Bd6 22. Rfc1 Kb8 23. Rc3 g5 24. Re3 Qg7 25. Qe4 Bf4 26. Nd4 Bxe3 27. Ne6 Qh7
28. Qxe3 Rde8 29. Rc4 gxh4 30. Rxh4 Qd7 31. Re4 Qd5 32. f3 h4 33. gxh4 Reg8+ 34.
Kf2 Qd1 35. Rg4 Qh1 36. Qf4 Rxg4 37. Qxc7+ Ka8 38. fxg4 Qxh4+ 39. Kf3 Qh1+ 40.
Ke3 Qh3+ 41. Kd2 Qh6+ 42. Kd3 Qg6+ 43. Kd2 Qh6+ 1/2-1/2

[Event "TCh-CZE Div1 Vychod 2012-13"]
[Site "Czech Republic CZE"]
[Date "2012.11.27"]
[Round "3.3"]
[White "Worek,J"]
[Black "Michenka,J"]
[Result "0-1"]
[WhiteTitle "WIM"]
[BlackTitle "IM"]
[WhiteElo "2278"]
[BlackElo "2357"]
[WhiteTeam "Beskydska sachova skola o.s. B"]
[BlackTeam "Sachovy klub Karvina A"]
[WhiteFideId "1118080"]
[BlackFideId "301175"]
[EventDate "2012.10.21"]

1. d4 Nf6 2. c4 e6 3. g3 d5 4. Nf3 dxc4 5. Qa4+ Bd7 6. Qxc4 Bc6 7. Bg2 Be7 8.
O-O O-O 9. Nc3 a5 10. Rd1 Nbd7 11. Bf4 Nb6 12. Qd3 Nbd5 13. Rac1 Nxc3 14. Qxc3
Nd5 15. Qc2 Nxf4 16. gxf4 Qd6 17. e3 g6 18. Ne5 Bxg2 19. Kxg2 c6 20. f3 Rfd8 21.
Nc4 Qc7 22. Nd2 Rd5 23. Ne4 Rad8 24. a3 R8d7 25. Qe2 Qd8 26. Nf2 c5 27. Rc4 cxd4
28. e4 Rc5 29. Rxc5 Bxc5 30. Qc4 Bf8 31. e5 Be7 32. Ne4 d3 33. Rd2 Qb6 34. Nf2
Rd4 35. Qc8+ Kg7 36. Kg3 h5 37. Qc3 h4+ 38. Kg4 Rd5 39. Kh3 Qe3 40. Kg2 Qxf4 41.
Rxd3 Rxd3 42. Qxd3 Qxe5 43. Qd2 Qg5+ 0-1

[Event "TCh-CZE Div1 Vychod 2012-13"]
[Site "Czech Republic CZE"]
[Date "2012.11.25"]
[Round "3.2"]
[White "Zwardon,V"]
[Black "Vesselovsky,S"]
[Result "0-1"]
[WhiteTitle "FM"]
[BlackTitle "IM"]
[WhiteElo "2408"]
[BlackElo "2356"]
[WhiteTeam "Sachovy klub Karvina A"]
[BlackTeam "Beskydska sachova skola o.s. B"]
[WhiteFideId "325511"]
[BlackFideId "313998"]
[EventDate "2012.10.21"]

1. c4 g6 2. g3 Bg7 3. Bg2 c5 4. Nc3 Nc6 5. d3 e6 6. Bf4 d6 7. Qc1 h6 8. Rb1 Nge7
9. Nf3 e5 10. Bd2 Be6 11. a3 a5 12. Nb5 Rc8 13. O-O b6 14. b4 axb4 15. axb4 Nxb4
16. Bxb4 cxb4 17. Nd2 d5 18. Rxb4 O-O 19. Qb1 Nc6 20. Ra4 dxc4 21. Nxc4 Na5 22.
Nxa5 bxa5 23. Na7 Rc5 24. Qb7 Qd6 25. Nb5 Qb8 26. Qxb8 Rxb8 27. Nd6 Rb4 28. Ra3
a4 29. h4 Rc2 30. e3 Bf8 31. Ne8 Rb8 32. Nf6+ Kg7 33. Nh5+ gxh5 34. Rxa4 Rd2 35.
d4 exd4 36. Rxd4 Rxd4 37. exd4 Rd8 38. d5 Bg4 39. Rc1 Rc8 40. Re1 Rc2 41. Re4
Bc5 42. Rf4 Rd2 43. Bf1 Rxd5 44. Bc4 Rf5 45. Rxf5 Bxf5 46. Bd5 Kf6 47. Kg2 Bg6
48. f3 Ke5 49. Bb3 Kd4 50. Ba2 f6 51. Kf2 Be8 52. Bb1 Kc3+ 53. Kg2 Bc6 54. Bg6
Kd2 55. Bxh5 Ke3 56. Bg4 Bd6 57. Bh5 f5 58. Kh3 Bxf3 59. Bxf3 Kxf3 60. g4 fxg4# 0-1

[Event "TCh-CZE Div1 Vychod 2012-13"]
[Site "Czech Republic CZE"]
[Date "2012.11.25"]
[Round "3.7"]
[White "Holeksa,Z"]
[Black "Gibiec,E"]
[Result "1-0"]
[WhiteElo "2132"]
[BlackElo "2229"]
[WhiteTeam "Beskydska sachova skola o.s. B"]
[BlackTeam "Sachovy klub Karvina A"]
[WhiteFideId "316261"]
[BlackFideId "301140"]
[EventDate "2012.10.21"]

1. e4 d6 2. d4 Nf6 3. Nc3 g6 4. Be3 Bg7 5. Qd2 a6 6. f3 Nbd7 7. g4 e5 8. O-O-O
b5 9. Kb1 Bb7 10. h4 h5 11. dxe5 Nxe5 12. g5 Nfd7 13. f4 Nc6 14. Nge2 O-O 15.
Bg2 Re8 16. Ng3 Na5 17. Bd4 Nc4 18. Qf2 c5 19. Bxg7 Kxg7 20. Rhf1 Qa5 21. Nd5
Bxd5 22. Rxd5 Ndb6 23. f5 Rf8 24. Rd3 Na4 25. Nxh5+ gxh5 26. f6+ Kg8 27. g6
Naxb2 28. Qg3 Qd8 29. Qg5 Ne5 30. Qh6 1-0

[Event "TCh-CZE Div1 Vychod 2012-13"]
[Site "Czech Republic CZE"]
[Date "2012.11.25"]
[Round "3.1"]
[White "Rojicek,V"]
[Black "Kolosowski,M"]
[Result "1/2-1/2"]
[WhiteTitle "IM"]
[BlackTitle "IM"]
[WhiteElo "2450"]
[BlackElo "2442"]
[WhiteTeam "Beskydska sachova skola o.s. B"]
[BlackTeam "Sachovy klub Karvina A"]
[WhiteFideId "319902"]
[BlackFideId "1129708"]
[EventDate "2012.10.21"]

1. e4 e5 2. Nf3 Nc6 3. Bb5 a6 4. Ba4 Nf6 5. O-O Nxe4 6. d4 b5 7. Bb3 d5 8. dxe5
Be6 9. Qe2 Be7 10. Rd1 O-O 11. Be3 Na5 12. Nbd2 Nxd2 13. Qxd2 Nxb3 14. axb3 c5
15. c3 a5 16. Bg5 h6 17. Bxe7 Qxe7 18. b4 cxb4 19. Nd4 bxc3 20. bxc3 Qc5 21. f4
f6 22. Rdb1 fxe5 23. Rxb5 Qc4 24. Nxe6 Qxb5 25. Nxf8 Rxf8 26. fxe5 a4 27. h3 a3
28. Kh2 Qc5 29. Rd1 Ra8 30. Ra1 Qc4 31. e6 Qc7+ 32. Kh1 Qd6 33. e7 Re8 34. c4
Rxe7 35. cxd5 Re5 36. Rd1 h5 37. Qc2 Qb4 1/2-1/2

[Event "TCh-CZE Div1 Vychod 2012-13"]
[Site "Czech Republic CZE"]
[Date "2012.11.25"]
[Round "3.8"]
[White "Lys,J"]
[Black "Kubik,M"]
[Result "0-1"]
[WhiteTitle "FM"]
[WhiteElo "2158"]
[BlackElo "2136"]
[WhiteTeam "Sachovy klub Karvina A"]
[BlackTeam "Beskydska sachova skola o.s. B"]
[WhiteFideId "302244"]
[BlackFideId "344320"]
[EventDate "2012.10.21"]

1. d4 Nf6 2. c4 g6 3. Nc3 Bg7 4. e4 d6 5. Bd3 O-O 6. Nge2 Nbd7 7. f4 c5 8. d5 e6
9. dxe6 fxe6 10. O-O a6 11. Ng3 Qc7 12. h4 b5 13. Qb3 Ng4 14. Nge2 Nb6 15. Nd1
d5 16. exd5 exd5 17. cxd5 c4 18. Qc2 Qc5+ 19. Nf2 Nxd5 20. Be4 Bb7 21. Qb1 Rae8
22. Bd2 Nxf4 23. Nxf4 Bxe4 24. Bb4 Qxb4 25. Nxe4 Qxb2 0-1

[Event "TCh-CZE Div1 Vychod 2012-13"]
[Site "Czech Republic CZE"]
[Date "2012.11.25"]
[Round "3.4"]
[White "Poloch,P"]
[Black "Pecha,T"]
[Result "1/2-1/2"]
[WhiteTitle "IM"]
[WhiteElo "2290"]
[BlackElo "2210"]
[WhiteTeam "Sachovy klub Karvina A"]
[BlackTeam "Beskydska sachova skola o.s. B"]
[WhiteFideId "300292"]
[BlackFideId "325171"]
[EventDate "2012.10.21"]

1. c4 e5 2. Nc3 Nf6 3. Nf3 Nc6 4. e3 Bb4 5. Qc2 O-O 6. Nd5 Be7 7. a3 a5 8. Be2
d6 9. O-O Bg4 10. h3 Be6 11. d4 exd4 12. Nxe7+ Nxe7 13. Nxd4 Bd7 14. Rd1 Qc8 15.
b3 Ng6 16. Bb2 Re8 17. Nf3 Bf5 1/2-1/2

[Event "Washington International 2012"]
[Site "Rockville USA"]
[Date "2012.07.28"]
[Round "1.3"]
[White "Azarov,S"]
[Black "Defibaugh,J"]
[Result "0-1"]
[WhiteTitle "GM"]
[WhiteElo "2658"]
[BlackElo "2263"]
[WhiteFideId "13501470"]
[BlackFideId "2005603"]
[EventDate "2012.07.28"]

1. e4 e5 2. Nf3 Nc6 3. Bb5 f5 4. d3 fxe4 5. dxe4 Nf6 6. Be3 Ng4 7. O-O Nxe3 8.
fxe3 Bc5 9. Kh1 Qe7 10. Nc3 O-O 11. Nd5 Qd8 12. Nxc7 Qxc7 13. Qd5+ Kh8 14. Qxc5
d6 15. Ng5 Bg4 16. Qd5 h6 17. Ne6 Rxf1+ 18. Rxf1 Qe7 19. Bc4 Re8 20. Nxg7 Qxg7
21. Rf7 Qg6 22. Rxb7 Ne7 23. Qb5 a6 24. Qb6 Bh3 25. Bf1 Bxg2+ 0-1

[Event "Washington International 2012"]
[Site "Rockville USA"]
[Date "2012.07.28"]
[Round "1.4"]
[White "Thompson,I"]
[Black "Gareev,T"]
[Result "0-1"]
[WhiteTitle "FM"]
[BlackTitle "GM"]
[WhiteElo "2243"]
[BlackElo "2658"]
[WhiteFideId "405205"]
[BlackFideId "14200937"]
[EventDate "2012.07.28"]

1. c4 c5 2. g3 g6 3. Bg2 Bg7 4. Nc3 Nc6 5. e3 e5 6. Nge2 Nge7 7. d3 d6 8. O-O
O-O 9. b3 Be6 10. Bb2 d5 11. cxd5 Nxd5 12. Na4 Qe7 13. Rc1 b6 14. Nec3 Rad8 15.
Qe2 Qd7 16. Rfd1 f5 17. Rd2 Rfe8 18. Qd1 Nde7 19. Bf1 Bf7 20. Nb1 Na5 21. Bc3
Nec6 22. Nb2 Nb7 23. Bg2 b5 24. Re2 a6 25. a3 Nba5 26. b4 Nb3 27. Rcc2 c4 28.
Bxc6 Qxc6 29. d4 Bd5 30. Nd2 Bh1 31. Qf1 exd4 32. Nxb3 cxb3 0-1

[Event "Washington International 2012"]
[Site "Rockville USA"]
[Date "2012.07.28"]
[Round "1.5"]
[White "Gelashvili,T"]
[Black "Barnett,A"]
[Result "1/2-1/2"]
[WhiteTitle "GM"]
[WhiteElo "2604"]
[BlackElo "2243"]
[WhiteFideId "13600702"]
[BlackFideId "2019906"]
[EventDate "2012.07.28"]

1. d4 Nf6 2. Nf3 e6 3. e3 b6 4. Bd3 Bb7 5. O-O Be7 6. c4 O-O 7. Nc3 d5 8. b3 c5
9. Bb2 Nc6 10. Rc1 Re8 11. a3 cxd4 12. exd4 Bf8 13. Re1 g6 14. cxd5 exd5 15. Ne5
Bh6 16. Rb1 Re6 17. Bb5 Qd6 18. Bxc6 Bxc6 19. Qf3 Rf8 20. Qh3 Bg7 21. Rbc1 Nh5
22. Qf3 Bxe5 23. dxe5 Qd7 24. Rcd1 f6 25. Nxd5 fxe5 26. Qd3 Qf7 27. f3 Nf4 28.
Nxf4 Qxf4 29. Rc1 Qf5 30. Qc4 b5 31. Qc5 Qg5 32. Rxe5 Rxe5 33. Qxe5 Qxe5 34.
Bxe5 Rc8 35. Rd1 a5 36. h4 Be8 37. Kh2 Kf7 38. Rd6 Rc6 39. Rd8 a4 40. bxa4 bxa4
41. Ra8 Re6 42. Bc3 h5 43. Bb4 Kf6 44. Kg3 Ke5 45. Rd8 Kf6 46. Kf4 Re2 47. Ra8
Bc6 48. Ra6 Rc2 49. g4 hxg4 50. fxg4 Rc4+ 51. Kg3 Kf7 52. Ra7+ Ke6 53. Re7+ Kf6
54. g5+ Kf5 55. Rf7+ Ke5 56. Ra7 Rc1 57. Kf2 Rh1 58. Rc7 Bd5 59. Bc3+ Kf5 60.
Rd7 Ke6 61. Rh7 Kf5 62. Ke3 Bb3 63. Bf6 Kg4 64. Rh6 Bc2 65. Kd2 Bf5 66. Rh7 Rh3
67. Bb2 Rxh4 1/2-1/2

[Event "Washington International 2012"]
[Site "Rockville USA"]
[Date "2012.07.28"]
[Round "1.8"]
[White "Gu,Christopher"]
[Black "Friedel,J"]
[Result "1/2-1/2"]
[BlackTitle "GM"]
[WhiteElo "2225"]
[BlackElo "2503"]
[WhiteFideId "2059460"]
[BlackFideId "2017199"]
[EventDate "2012.07.28"]

1. d4 Nf6 2. c4 e6 3. Nf3 d5 4. g3 Bb4+ 5. Bd2 Be7 6. Bg2 O-O 7. O-O c6 8. Bf4
Nbd7 9. Qc2 b6 10. Rd1 Bb7 11. Nc3 Nh5 12. Bc1 f5 13. b3 Rc8 14. Bb2 Bd6 15. e3
Nhf6 16. Ne2 Qe7 17. Nf4 Rfd8 18. Ne5 Ne4 19. f3 Ng5 20. cxd5 cxd5 21. Qf2 Rc7
22. Rac1 Rdc8 23. Nxd7 Qxd7 24. Qd2 a5 25. Rxc7 Rxc7 26. Rc1 Ba6 27. Rxc7 Qxc7
28. Qc1 Qxc1+ 29. Bxc1 Kf8 30. e4 dxe4 31. fxe4 fxe4 32. h4 Nf3+ 33. Bxf3 Bxf4 1/2-1/2

[Event "Washington International 2012"]
[Site "Rockville USA"]
[Date "2012.07.28"]
[Round "1.9"]
[White "Kekelidze,M"]
[Black "Adu,O"]
[Result "1-0"]
[WhiteTitle "GM"]
[BlackTitle "IM"]
[WhiteElo "2494"]
[BlackElo "2222"]
[WhiteFideId "13600818"]
[BlackFideId "8500258"]
[EventDate "2012.07.28"]

1. d4 d5 2. Nf3 Nf6 3. c4 c6 4. Nc3 a6 5. cxd5 cxd5 6. Bf4 Nc6 7. Ne5 e6 8. e3
Bd7 9. Bd3 Be7 10. O-O O-O 11. Qf3 Rc8 12. Qh3 Na5 13. Nxd5 h6 14. Nxf6+ Bxf6
15. Bxh6 Re8 16. Bf4 Bb5 17. Qh7+ Kf8 18. Bxb5 axb5 19. Qh8+ Ke7 20. Qh5 Rf8 21.
Rac1 Nc4 22. b3 Nd6 23. Nd3 Qa5 24. Bxd6+ Kxd6 25. a4 1-0

[Event "Washington International 2012"]
[Site "Rockville USA"]
[Date "2012.07.28"]
[Round "1.11"]
[White "Hunt,A"]
[Black "Guadalupe,F"]
[Result "1/2-1/2"]
[WhiteTitle "IM"]
[WhiteElo "2447"]
[BlackElo "2214"]
[WhiteFideId "403970"]
[BlackFideId "2025671"]
[EventDate "2012.07.28"]

1. e4 e5 2. Nf3 Nc6 3. Bb5 a6 4. Ba4 Nf6 5. O-O Nxe4 6. d4 b5 7. Bb3 d5 8. dxe5
Be6 9. c3 Bc5 10. Qd3 O-O 11. Nbd2 f5 12. exf6 Nxf6 13. Ng5 Qd7 14. Nxe6 Qxe6
15. Ne4 Qxe4 16. Qxe4 Nxe4 17. Bxd5+ Kh8 18. Bxe4 Rad8 19. Bg5 Rd6 20. Rae1 Re6
21. Be3 Bxe3 22. Rxe3 Rd8 23. Rfe1 h6 24. h4 Red6 25. Bc2 g6 26. Re6 g5 27. hxg5
hxg5 28. R6e3 Kg7 29. Rg3 Kf6 30. Rf3+ Kg7 31. Ree3 Rd2 32. Bb3 Rf8 33. Rxf8
Kxf8 34. Rg3 Rxb2 35. Rxg5 Na5 36. Rg8+ Ke7 37. Rg7+ Kf8 38. Rf7+ Ke8 39. Rxc7
Nxb3 40. axb3 Rxb3 41. Ra7 Rxc3 42. Rxa6 Kd7 43. g3 Kc7 44. Kg2 Rc5 45. Ra3 b4
46. Rb3 Rb5 47. g4 Kd6 48. f4 Kd5 49. Kf3 Kd4 50. g5 Kc4 51. Rb1 Kd5 52. f5 b3
53. Kg4 Kd6 54. g6 Ke7 55. Kg5 b2 56. Kh6 Kf6 57. g7 Rb3 58. Kh7 Rh3+ 59. Kg8
Rb3 60. Kh8 Rh3+ 61. Kg8 Rb3 1/2-1/2

[Event "Washington International 2012"]
[Site "Rockville USA"]
[Date "2012.07.28"]
[Round "1.18"]
[White "Colas,Joshua"]
[Black "Kaufman,La"]
[Result "1-0"]
[BlackTitle "GM"]
[WhiteElo "2126"]
[BlackElo "2382"]
[WhiteFideId "2044447"]
[BlackFideId "2000555"]
[EventDate "2012.07.28"]

1. d4 Nf6 2. c4 g6 3. Nc3 d5 4. Bg5 Ne4 5. Bh4 Nxc3 6. bxc3 dxc4 7. e3 Be6 8.
Qb1 c5 9. Qb5+ Nd7 10. Bxc4 a6 11. Qb3 Bxc4 12. Qxc4 Bg7 13. Nf3 cxd4 14. cxd4
Qa5+ 15. Ke2 e5 16. dxe5 Nxe5 17. Nxe5 Qxe5 18. Rac1 O-O 19. Bg3 Qh5+ 20. f3
Rfe8 21. Kf2 Rad8 22. Rhd1 Qa5 23. Rxd8 Rxd8 24. Re1 b5 25. Qb3 Bc3 26. Re2 b4
27. Qc4 Rd1 28. Bc7 Qa4 29. Bb6 Qd7 30. Qxa6 Rh1 31. Qa8+ Kg7 32. Bc5 Rxh2 33.
Qf8+ Kf6 34. Qh8+ Ke6 35. Bd4 Qc7 36. Qe8+ Qe7 37. Qc8+ Qd7 38. Qh8 Qb7 39. Qf6+
Kd5 40. Bxc3 bxc3 41. Rc2 Qa7 42. Qxc3 Ke6 43. Qc4+ Ke7 44. Qf4 1-0

[Event "Washington International 2012"]
[Site "Rockville USA"]
[Date "2012.07.28"]
[Round "1.22"]
[White "Ryba,N"]
[Black "Schuyler,J"]
[Result "0-1"]
[BlackTitle "FM"]
[WhiteElo "2097"]
[BlackElo "2345"]
[WhiteFideId "2034611"]
[BlackFideId "2001861"]
[EventDate "2012.07.28"]

1. e4 Nc6 2. Nf3 d6 3. d4 Nf6 4. Nc3 g6 5. Be2 Bg7 6. O-O O-O 7. h3 a6 8. a4 e5
9. Be3 exd4 10. Nxd4 Re8 11. Nxc6 bxc6 12. Bf3 Nd7 13. Qd2 Rb8 14. Rab1 Qf6 15.
Be2 Qe5 16. Rfd1 Qa5 17. Bd4 Bxd4 18. Qxd4 Rb4 19. Qd2 Nc5 20. b3 Nxe4 21. Nxe4
Rexe4 22. Bf3 Re5 23. Bxc6 Bf5 24. Bf3 Qc5 25. c3 Rb8 26. b4 Qc4 27. Rb2 Rbe8
28. Qd4 Qe6 29. Kh2 Be4 30. Bxe4 Rxe4 31. Qd3 a5 32. Qd5 Qf6 33. Qxa5 Qxc3 34.
Rbb1 c5 35. Qb5 cxb4 36. Rxd6 R8e5 37. Qb8+ Kg7 38. Rd8 Rf5 39. Rg8+ Kh6 40.
Qf8+ Kg5 41. Qd8+ f6 42. Re8 Rd4 43. Qe7 Rxf2 44. Re1 Rd3 45. Qxh7 Rdd2 46. Rg1
Qc6 47. h4+ Kf5 0-1

[Event "Washington International 2012"]
[Site "Rockville USA"]
[Date "2012.07.28"]
[Round "1.23"]
[White "Morrison,W"]
[Black "Chevannes,S"]
[Result "1-0"]
[WhiteTitle "FM"]
[BlackTitle "WFM"]
[WhiteElo "2330"]
[BlackElo "2090"]
[WhiteFideId "2009315"]
[BlackFideId "411280"]
[EventDate "2012.07.28"]

1. e4 c6 2. d4 d5 3. exd5 cxd5 4. Bd3 Nc6 5. c3 g6 6. Bf4 Bg7 7. Nf3 Nh6 8. O-O
O-O 9. Re1 Re8 10. Nbd2 Bf5 11. Nb3 Bxd3 12. Qxd3 b6 13. Re2 e6 14. Rc1 Nf5 15.
h3 Rc8 16. Nbd2 Bf6 17. Nf1 Nd6 18. Ne5 Bg7 19. Nd2 Nxe5 20. Bxe5 Bxe5 21. Rxe5
Qd7 22. g4 Qa4 23. a3 Qc6 24. f3 Red8 25. Kg2 a5 26. h4 Nc4 27. Nxc4 Qxc4 28.
Qe3 b5 29. h5 Kg7 30. Rh1 Rh8 31. h6+ Kf8 32. Re1 Qc6 33. Qg5 Rg8 34. Rxe6 fxe6
35. Qf6+ Ke8 36. Rxe6+ 1-0

[Event "Washington International 2012"]
[Site "Rockville USA"]
[Date "2012.07.28"]
[Round "1.25"]
[White "Bodek,Michael H"]
[Black "Hess,Peter"]
[Result "1-0"]
[WhiteTitle "FM"]
[WhiteElo "2324"]
[BlackElo "1921"]
[WhiteFideId "2043858"]
[BlackFideId "2055066"]
[EventDate "2012.07.28"]

1. e4 c5 2. Nf3 g6 3. d4 cxd4 4. Nxd4 Nc6 5. Nc3 Bg7 6. Be3 Nf6 7. Bc4 O-O 8.
Bb3 a5 9. f3 d5 10. Bxd5 Nxd5 11. Nxd5 e6 12. Nxc6 bxc6 13. Nb6 Rb8 14. Qxd8
Rxd8 15. Rb1 Ba6 16. Na4 Bc4 17. b3 Bb5 18. Nc5 a4 19. Kf2 axb3 20. cxb3 Bf8 21.
Rhd1 Bxc5 22. Bxc5 f6 23. Be7 Rxd1 24. Rxd1 Kf7 25. Rd7 Re8 26. Bd8+ 1-0

[Event "Washington International 2012"]
[Site "Rockville USA"]
[Date "2012.07.28"]
[Round "1"]
[White "Rozman,Levy"]
[Black "Foisor,C"]
[Result "0-1"]
[BlackTitle "IM"]
[WhiteElo "2200"]
[BlackElo "2401"]
[WhiteFideId "2039877"]
[BlackFideId "1200496"]
[EventDate "2012.07.28"]

1. e4 e5 2. Nf3 Nc6 3. Bb5 a6 4. Ba4 Nf6 5. Qe2 Bd6 6. c3 O-O 7. O-O Re8 8. d3
Bf8 9. Rd1 b5 10. Bc2 d6 11. Nbd2 g6 12. Nf1 Bg7 13. Ng3 Bb7 14. h4 Qd7 15. h5
Nxh5 16. Nxh5 gxh5 17. Nh2 Qe6 18. Qxh5 Qg6 19. Qxg6 hxg6 20. Ng4 Bc8 21. Ne3
Be6 22. Bb3 Nd8 23. f3 a5 24. Bxe6 Nxe6 25. Kf2 a4 26. Bd2 c6 27. g3 Red8 28.
Nc2 d5 29. Be3 c5 30. exd5 Rxd5 31. c4 bxc4 32. dxc4 Rxd1 33. Rxd1 Rb8 34. Rb1
f5 35. b4 axb3 36. axb3 Bf8 37. Ke2 Rb7 38. Rb2 Rh7 39. Bg1 Rh3 40. Kf2 f4 41.
gxf4 exf4 42. Ra2 g5 43. Ra6 Kf7 44. Kg2 Rg3+ 45. Kf2 g4 46. Ne1 Bg7 47. Bh2
Bd4+ 48. Kf1 Rh3 49. Kg2 Bc3 50. fxg4 Rxh2+ 51. Kxh2 Bxe1 52. Kg2 Nd4 53. Kf1
Bh4 54. Ra5 Be7 55. Kf2 Nxb3 56. Ra6 Nd2 57. Ke2 Nxc4 58. Ra4 Ne5 59. Rxf4+ Ke6
60. Kd1 Bg5 61. Ra4 Kd5 62. Kc2 Be3 63. Kd1 c4 64. Ke2 Bh6 65. Ra5+ Ke4 66. Rc5
Bf4 67. Rc8 Bg5 68. Rc7 Kd4 69. Rc8 Be7 70. Rc7 Bd6 71. Rg7 c3 72. g5 Nc4 73.
Rd7 Ke4 74. Kd1 Ne3+ 75. Ke2 c2 0-1

[Event "Washington International 2012"]
[Site "Rockville USA"]
[Date "2012.07.28"]
[Round "2.3"]
[White "Gareev,T"]
[Black "Bodek,Michael H"]
[Result "1-0"]
[WhiteTitle "GM"]
[BlackTitle "FM"]
[WhiteElo "2658"]
[BlackElo "2324"]
[WhiteFideId "14200937"]
[BlackFideId "2043858"]
[EventDate "2012.07.28"]

1. d4 Nf6 2. c4 e6 3. Nf3 d5 4. Nc3 dxc4 5. Qa4+ Nbd7 6. e4 c5 7. d5 exd5 8. e5
d4 9. Bxc4 dxc3 10. O-O Be7 11. exf6 Bxf6 12. Re1+ Kf8 13. bxc3 Nb6 14. Qa3 Nxc4
15. Qxc5+ Qd6 16. Qxc4 Be6 17. Qa4 Qc6 18. Qb4+ Kg8 19. Nd4 Bxd4 20. cxd4 h6 21.
Re5 Rd8 22. Be3 Rd5 23. Rc1 Qd7 24. h4 f6 25. Rxe6 Qxe6 26. Qxb7 Rd7 27. Qb5 Kh7
28. Rc6 Qe4 29. Rxf6 Rd5 30. Qb7 Rhd8 31. Rxh6+ Kg8 32. Rh5 Rxd4 33. Qb3+ R4d5
34. Bxa7 g6 35. Rxd5 Qxd5 36. Qg3 Kh7 37. Be3 Ra8 38. Qc7+ Kg8 39. Qc2 Qf5 40.
Qb2 Qd5 41. Bh6 Qf7 42. a3 Qe7 43. Bc1 Rc8 44. Bg5 Qd7 45. Qb3+ Kh7 46. Be3 Ra8
47. g3 Ra5 48. Kh2 Ra6 49. Qb4 Ra8 50. Qf4 Ra6 51. a4 Kg7 52. Qe5+ Kh7 53. Bd4
Ra8 54. a5 1-0

[Event "Washington International 2012"]
[Site "Rockville USA"]
[Date "2012.07.28"]
[Round "2.7"]
[White "Foisor,C"]
[Black "Foisor,M"]
[Result "1/2-1/2"]
[WhiteTitle "IM"]
[BlackTitle "WIM"]
[WhiteElo "2401"]
[BlackElo "2220"]
[WhiteFideId "1200496"]
[BlackFideId "2270757"]
[EventDate "2012.07.28"]

1. e4 e6 2. d4 d5 3. exd5 exd5 4. Bd3 Bd6 5. Ne2 Ne7 6. Bg5 f6 7. Bh4 Bf5 8. Bg3
Nbc6 9. c3 Qd7 10. Bxd6 Qxd6 11. Bxf5 Nxf5 12. Qd3 Nce7 13. Nd2 g6 14. O-O 1/2-1/2

[Event "Washington International 2012"]
[Site "Rockville USA"]
[Date "2012.07.28"]
[Round "2.9"]
[White "Herman,Ma"]
[Black "Krause,Benjamin W"]
[Result "1-0"]
[WhiteElo "2394"]
[BlackElo "2205"]
[WhiteFideId "2028964"]
[BlackFideId "2031965"]
[EventDate "2012.07.28"]

1. e4 c5 2. Nf3 d6 3. d4 cxd4 4. Nxd4 Nf6 5. Nc3 g6 6. Be3 Bg7 7. f3 O-O 8. Bc4
Nc6 9. Qd2 Bd7 10. h4 Ne5 11. Bb3 h5 12. O-O-O Rb8 13. Bg5 b5 14. g4 Nc4 15. Qg2
Qa5 16. Bxf6 Bxf6 17. gxh5 e6 18. hxg6 Ne3 19. gxf7+ Kxf7 20. Qh3 Ke7 21. Nc6+
Bxc6 22. Qxe6+ Kd8 23. Qxd6+ 1-0

[Event "Washington International 2012"]
[Site "Rockville USA"]
[Date "2012.07.28"]
[Round "2.11"]
[White "Foisor,S"]
[Black "Colas,Joshua"]
[Result "1-0"]
[WhiteTitle "WGM"]
[WhiteElo "2356"]
[BlackElo "2126"]
[WhiteFideId "1212915"]
[BlackFideId "2044447"]
[EventDate "2012.07.28"]

1. d4 Nf6 2. c4 e6 3. Nc3 Bb4 4. e3 b6 5. Bd3 Bb7 6. f3 d5 7. Ne2 O-O 8. O-O
Nbd7 9. a3 Be7 10. Bd2 c5 11. cxd5 Nxd5 12. Nxd5 Bxd5 13. Rc1 cxd4 14. exd4 Nf6
15. Bf4 Bd6 16. Qd2 Bb7 17. Bg5 Be7 18. Be3 Qd7 19. Nc3 Rac8 20. Kh1 Rfd8 21.
Bb1 Nd5 22. Qd3 g6 23. Nxd5 Bxd5 24. Qa6 Bf6 25. Bd3 Bc6 26. Rfd1 Ba4 27. Rxc8
Rxc8 28. Re1 Bxd4 29. Bxd4 Rd8 30. Bf6 Qxd3 31. Qxa4 Qd2 32. Rg1 Rc8 33. Qxa7 1-0

[Event "Washington International 2012"]
[Site "Rockville USA"]
[Date "2012.07.28"]
[Round "2.12"]
[White "Guadalupe,F"]
[Black "Gelashvili,T"]
[Result "1/2-1/2"]
[BlackTitle "GM"]
[WhiteElo "2214"]
[BlackElo "2604"]
[WhiteFideId "2025671"]
[BlackFideId "13600702"]
[EventDate "2012.07.28"]

1. e4 e5 2. Nf3 d6 3. d4 exd4 4. Nxd4 Nf6 5. Nc3 Be7 6. Bf4 O-O 7. Be2 c6 8. Qd2
Re8 9. O-O-O b5 10. Bf3 b4 11. Nce2 Qb6 12. Ng3 g6 13. e5 dxe5 14. Bxe5 Qa5 15.
Rhe1 Qxa2 16. Qf4 Nbd7 17. Bxf6 Nxf6 18. Rxe7 Rxe7 19. Qxf6 Qa1+ 20. Kd2 Qxb2
21. Qxe7 Qxd4+ 22. Kc1 Qa1+ 23. Kd2 1/2-1/2